| 000 | 00818nam a2200229 i 4500 | ||
|---|---|---|---|
| 001 | 133958 | ||
| 003 | ES-MaACL | ||
| 005 | 20250918063038.0 | ||
| 007 | t| | ||
| 008 | 070904s1980 sp ||||1| spa d | ||
| 100 | 1 |
_aWallon, Henri, _d1879-1962 _9152275 |
|
| 245 | 1 | 0 |
_aPsicología del niño _b: una comprensión dialéctica del desarrollo infantil / _cHenri Wallon ; edición a cargo de Jesús Palacios ; traducción: Miguel Benítez ; revisión: Jesús Palacios. |
| 260 |
_a[Madrid] : _bPablo del Río, _c[1980] |
||
| 300 |
_a2 v. ; _c24 cm. |
||
| 490 | 1 | _aAprendizaje | |
| 650 | 0 | 4 |
_aNiños- _xPsicología. _915554 |
| 700 | 1 |
_aPalacios, Jesús. _988399 |
|
| 700 | 1 |
_aBenítez, Miguel. _927612 |
|
| 830 | 0 |
_aAprendizaje _9178918 |
|
| 852 |
_aES-MaACL _jL-379-80 _bR.101311 |
||
| 999 |
_c133958 _d133958 |
||